Дело с обозрением преподавания в Харьковском университете на 1903-1904 учебный год

Доступно только в Электронных читальных залах Найти на картеНа карте
RUSMARC
00003759nmc2a2200000 x 450
001c4618c79-c95b-4464-adc3-e49e8b0eae48
00520171110045324.0
100##$a20160705l19031903k l0rusy0189 ca
1010#$arus
102##$aRU
2001#$aДело с обозрением преподавания в Харьковском университете на 1903-1904 учебный год
$j8 июля - 8 декабря 1903 г.
251##$cДело
300##$aДело
801#0$aRU
$bРГИА
$c20160705
$gRCR
801#1$aRU
$bГлавНИВЦ
$c20160705
$2rusmarc
801#2$aRU
$bПБ им. Б.Н. Ельцина
$c20171110
$gRCR
$2rusmarc
850##$aРГИА
852##$aРГИА
$eФедеральное казенное учреждение "Российский государственный исторический архив" (РГИА)
$j627
937##$hРГИА
$d12213498
$aASBIBLIO_SCAN
462#0$10019ed54801-850e-4207-b35a-35ac1fed7064
$12001
$aДела разряда высших учебных заведений Департамента народного просвещения за 1899-1903 гг.
$1251
$cОпись
$1852
$j151
461#0$1001a74412a3-3cc5-4d21-8f0a-dfe2fbd9e72d
$12001
$aДепартамент народного просвещения Министерства народного просвещения (1803-1917)
$1251
$cФонд
$1852
$j733
215##$a443 л.
$d36,5х26 см
$cтабл.
371##$aДокумент не является опубликованным и широко распространяемым
105##$aa###
1222#$ad
035##$ac4618c79-c95b-4464-adc3-e49e8b0eae48
856##$uhttp://readingroom.main.prlib.ru/item.aspx?id_node=n108821006&mode=full
Формат отображения